Advanced Engineering Mathematics : Student solutions manual (Record no. 63567)

000 -LEADER
fixed length control field 00540nam a22001937a 4500
003 - CONTROL NUMBER IDENTIFIER
control field NUST - PNEC
005 - DATE AND TIME OF LATEST TRANSACTION
control field 20170116180817.0
008 - FIXED-LENGTH DATA ELEMENTS--GENERAL INFORMATION
fixed length control field 150521b xxu||||| |||| 00| 0 eng d
020 ## - INTERNATIONAL STANDARD BOOK NUMBER
International Standard Book Number 8126511338
040 ## - CATALOGING SOURCE
Transcribing agency LIBRARY
082 ## - DEWEY DECIMAL CLASSIFICATION NUMBER
Classification number 510 KRE
100 ## - MAIN ENTRY--PERSONAL NAME
9 (RLIN) 3666
Personal name Kreyszig, Erwin
245 ## - TITLE STATEMENT
Title Advanced Engineering Mathematics : Student solutions manual
Statement of responsibility, etc. Erwin Kreyszig
250 ## - EDITION STATEMENT
Edition statement 8th ed
260 ## - PUBLICATION, DISTRIBUTION, ETC.
Place of publication, distribution, etc. New Delhi
Name of publisher, distributor, etc. John Wiley & Sons
Date of publication, distribution, etc. c2001.
300 ## - PHYSICAL DESCRIPTION
Extent 230 p. :
Dimensions 24 cm.
650 ## - SUBJECT ADDED ENTRY--TOPICAL TERM
9 (RLIN) 3668
Topical term or geographic name entry element Mathematics
General subdivision ME / EE
942 ## - ADDED ENTRY ELEMENTS (KOHA)
Source of classification or shelving scheme
Koha item type Book
Holdings
Withdrawn status Lost status Source of classification or shelving scheme Damaged status Not for loan Permanent Location Current Location Shelving location Date acquired Source of acquisition Cost, normal purchase price Total Checkouts Full call number Barcode Date last seen Cost, replacement price Price effective from Koha item type Date last checked out
          Pakistan Navy Engineering College (PNEC) Pakistan Navy Engineering College (PNEC)   12/08/2010 Donated 600.00   510 KRE PNECLIB-030022 06/08/2015 600.00 12/08/2010 Book  
          Pakistan Navy Engineering College (PNEC) Pakistan Navy Engineering College (PNEC)         1 510 KRE PNECLIB-029689 01/22/2016     Book 01/22/2016
© 2023 Central Library, National University of Sciences and Technology. All Rights Reserved.